A. WESLEY POWELL LEARNING RESOURCE CENTRE (WPLRC)

Wonderful Place to Learn, Research & Collaborate

The social condition of humanity : (Record no. 1306)

MARC details
000 -LEADER
fixed length control field 00788nam a2200277 a 4500
001 - ACCESSION NUMBER
control field 26417
003 - CONTROL NUMBER IDENTIFIER
control field UkOxU
005 - DATE AND TIME OF LATEST TRANSACTION
control field 20141029180511.0
008 - FIXED-LENGTH DATA ELEMENTS--GENERAL INFORMATION
fixed length control field 880808s1984 nyu b 001 0 eng
020 ## - INTERNATIONAL STANDARD BOOK NUMBER
International Standard Book Number 0195033507 (pbk.)
035 ## - SYSTEM CONTROL NUMBER
System control number 0195033507
040 ## - CATALOGING SOURCE
Original cataloging agency DDC
Transcribing agency DDC
Language of cataloging eng
Modifying agency DDC
082 ## - DEWEY DECIMAL CLASSIFICATION NUMBER
Edition number 2nd. ed.
Classification number 301
092 ## - LOCALLY ASSIGNED DEWEY CALL NUMBER (OCLC)
Classification number D0400296315
100 1# - MAIN ENTRY--PERSONAL NAME
Personal name Zeitlin, Irving M.
245 14 - TITLE STATEMENT
Title The social condition of humanity :
Remainder of title an introduction to sociology /
Statement of responsibility, etc. Irving M. Zeitlin
250 ## - EDITION STATEMENT
Edition statement 2nd ed.
260 ## - PUBLICATION, DISTRIBUTION, ETC. (IMPRINT)
Place of publication, distribution, etc. New York :
Name of publisher, distributor, etc. Oxford University Press,
Date of publication, distribution, etc. 1984
300 ## - PHYSICAL DESCRIPTION
Extent xii, 459 p. ;
Dimensions 24 cm
500 ## - GENERAL NOTE
General note Includes indexes
504 ## - BIBLIOGRAPHY, ETC. NOTE
Bibliography, etc Bibliography: p. 439-451
650 #0 - SUBJECT ADDED ENTRY--TOPICAL TERM
Topical term or geographic name as entry element Sociology
942 ## - ADDED ENTRY ELEMENTS (KOHA)
Source of classification or shelving scheme Dewey Decimal Classification
Koha item type Books
Holdings
Withdrawn status Lost status Source of classification or shelving scheme Damaged status Not for loan Collection code Home library Current library Date acquired Total Checkouts Full call number Barcode Date last seen Price effective from Koha item type
    Dewey Decimal Classification   Not For Loan Reference Wesley Powell Learning Resource Centre Wesley Powell Learning Resource Centre 10/29/2014   RBC/301 ZEI 26417 10/29/2014 10/29/2014 Books